[Event "Valasska Bystrice op"]
[Site "Valasska Bystrice"]
[Date "2023.09.12"]
[Round "5"]
[White "Cerny, Michael"]
[Black "Hanak, Tomas"]
[Result "1-0"]
[WhiteElo "1898"]
[BlackElo "2036"]
[PlyCount "51"]
[EventDate "2023.09.09"]
[EventType "swiss"]
[EventRounds "9"]
[EventCountry "CZE"]
[SourceTitle "CBM 216 Extra"]
[Source "ChessBase"]
[SourceDate "2023.11.30"]
[SourceVersion "1"]
[SourceVersionDate "2023.11.30"]
[SourceQuality "1"]

1. d4 e6 2. c4 f5 3. Nf3 Nf6 4. a3 b6 5. g3 Bb7 6. Nc3 g6 7. Bg2 Bg7 8. 0-0 0-0 9. Bg5 d6 10. c5 Nbd7 11. Qb3 dxc5 12. Qxe6+ Kh8 13. Rfd1 Re8 14. Qc4 cxd4 15. Rxd4 Qc8 16. Rad1 Nc5 17. Bf4 Ne6 18. Ng5 Nxg5 19. Bxg5 Bxg2 20. Kxg2 c5 21. Rd6 Ne4 22. Nxe4 fxe4 23. Rd7 Rf8 24. Qxe4 Bxb2 25. Qe7 Qc6+ 26. Kg1 1-0

[Event "Valasska Bystrice op 13th"]
[Site "Valasska Bystrice"]
[Date "2022.09.17"]
[Round "9"]
[White "Cerny, Michael"]
[Black "Pan, Vladimir"]
[Result "0-1"]
[WhiteElo "1780"]
[BlackElo "2000"]
[PlyCount "43"]
[EventDate "2022.09.10"]
[EventType "swiss"]
[EventRounds "9"]
[EventCountry "CZE"]
[SourceTitle "CBM 210 Extra"]
[Source "ChessBase"]
[SourceDate "2022.11.30"]
[SourceVersion "1"]
[SourceVersionDate "2022.11.30"]
[SourceQuality "1"]

1. d4 Nf6 2. c4 e6 3. Nf3 d5 4. g3 Be7 5. Bg2 0-0 6. 0-0 dxc4 7. Qa4 a6 8. Qxc4 b5 9. Qc2 Bb7 10. Nbd2 Nc6 11. Nb3 Nb4 12. Qd1 Be4 13. Bf4 Rc8 14. Nc5 Bxc5 15. dxc5 Qe7 16. Qb3 Qxc5 17. Be3 Qe7 18. Rac1 Bd5 19. Qa3 c5 20. Bxc5 Rxc5 21. Qxb4 Rc7 22. Ne5 0-1

[Event "Valasska Bystrice op 13th"]
[Site "Valasska Bystrice"]
[Date "2022.09.10"]
[Round "1"]
[White "Cerny, Michael"]
[Black "Vaculik, Jakub"]
[Result "0-1"]
[WhiteElo "1780"]
[BlackElo "2214"]
[PlyCount "46"]
[EventDate "2022.09.10"]
[EventType "swiss"]
[EventRounds "9"]
[EventCountry "CZE"]
[SourceTitle "CBM 210 Extra"]
[Source "ChessBase"]
[SourceDate "2022.11.30"]
[SourceVersion "1"]
[SourceVersionDate "2022.11.30"]
[SourceQuality "1"]

1. d4 Nf6 2. c4 c5 3. d5 b5 4. cxb5 a6 5. bxa6 Bxa6 6. Nc3 d6 7. e4 Bxf1 8. Kxf1 g6 9. g3 Bg7 10. Kg2 0-0 11. Nf3 Qb6 12. Qc2 Na6 13. a3 Rfb8 14. Rb1 Ng4 15. Bf4 Qb7 16. h3 Nf6 17. Nd2 Nd7 18. Nc4 Nc7 19. b3 Qa6 20. Ra1 Nb6 21. Nxb6 Qxb6 22. b4 Nb5 23. bxc5 Qxc5 0-1

[Event "CZE-ch Juniors op"]
[Site "Kouty nad Desnou"]
[Date "2020.03.09"]
[Round "3"]
[White "Kozusnik, Roman"]
[Black "Cerny, Michael"]
[Result "0-1"]
[WhiteElo "1397"]
[BlackElo "1513"]
[PlyCount "86"]
[EventDate "2020.03.07"]
[EventType "swiss"]
[EventRounds "7"]
[EventCountry "CZE"]
[SourceTitle "CBM 195 Extra"]
[Source "ChessBase"]
[SourceDate "2020.05.31"]
[SourceVersion "1"]
[SourceVersionDate "2020.05.31"]
[SourceQuality "1"]

1. d4 Nf6 2. c4 g6 3. Nc3 d5 4. e3 Bg7 5. Bd3 0-0 6. h3 c5 7. dxc5 dxc4 8. Bxc4 Qa5 9. b4 Qxb4 10. Qb3 Qxb3 11. axb3 Ne4 12. Nd5 Bxa1 13. Nc7 Be5 14. Nxa8 Nc6 15. f4 Bc3+ 16. Ke2 Ba5 17. Kf3 Nf6 18. Ba3 Bf5 19. b4 Nxb4 20. Bxb4 Bxb4 21. Nc7 Be4+ 22. Kf2 a6 23. Nf3 Ba5 24. Bxf7+ Kxf7 25. Ne5+ Kg8 26. Ne6 Rc8 27. Rd1 Bd5 28. Ng5 Rxc5 29. h4 Rc2+ 30. Kf1 Bxg2+ 31. Kg1 Bb6 32. Rd3 Be4 33. Rb3 Ba7 34. Kf1 Rc7 35. Rb4 Bd5 36. e4 Bc5 37. Rb1 Nxe4 38. Ngf3 b5 39. h5 Ng3+ 40. Kg2 Nxh5 41. Rh1 Nxf4+ 42. Kg3 Ne2+ 43. Kg4 Be6+ 0-1

[Event "CZE-ch Juniors op"]
[Site "Kouty nad Desnou"]
[Date "2020.03.08"]
[Round "2"]
[White "Cerny, Michael"]
[Black "Martirosyan, Artyom"]
[Result "1-0"]
[WhiteElo "1513"]
[BlackElo "1260"]
[PlyCount "75"]
[EventDate "2020.03.07"]
[EventType "swiss"]
[EventRounds "7"]
[EventCountry "CZE"]
[SourceTitle "CBM 195 Extra"]
[Source "ChessBase"]
[SourceDate "2020.05.31"]
[SourceVersion "1"]
[SourceVersionDate "2020.05.31"]
[SourceQuality "1"]

1. c4 Nf6 2. Nc3 g6 3. e4 e5 4. g3 c6 5. Bg2 d6 6. Nge2 Be6 7. b3 c5 8. 0-0 Bg7 9. f4 Qd7 10. Ba3 Nc6 11. fxe5 Nxe5 12. d4 cxd4 13. Nxd4 Bh3 14. Ndb5 Bxg2 15. Nxd6+ Kf8 16. Nf5+ Ke8 17. Nxg7+ Kd8 18. Rxf6 Kc8 19. Qxd7+ Nxd7 20. Rxf7 Bh3 21. Rd1 Ne5 22. Rf6 Ng4 23. Rf8+ Rxf8 24. Bxf8 Ne5 25. Be7 b6 26. Ne8 Kb7 27. Nd6+ Kc6 28. b4 a6 29. Nd5 Bg4 30. Rc1 Ra7 31. b5+ Kd7 32. Nxb6+ Ke6 33. Nbc8 Ra8 34. b6 Nd3 35. b7 Rb8 36. Rb1 Ke5 37. Na7 Bd7 38. Ndc8 1-0

[Event "CZE-ch Juniors op"]
[Site "Kouty nad Desnou"]
[Date "2020.03.07"]
[Round "1"]
[White "Bures, Lukas"]
[Black "Cerny, Michael"]
[Result "0-1"]
[WhiteElo "1048"]
[BlackElo "1513"]
[PlyCount "76"]
[EventDate "2020.03.07"]
[EventType "swiss"]
[EventRounds "7"]
[EventCountry "CZE"]
[SourceTitle "CBM 195 Extra"]
[Source "ChessBase"]
[SourceDate "2020.05.31"]
[SourceVersion "1"]
[SourceVersionDate "2020.05.31"]
[SourceQuality "1"]

1. e4 c5 2. Nf3 Nc6 3. d4 cxd4 4. Nxd4 g6 5. Nc3 Bg7 6. Be3 Nf6 7. f3 0-0 8. Qd2 d5 9. 0-0-0 e6 10. Bg5 Qb6 11. Nxc6 bxc6 12. g4 a5 13. Bh6 dxe4 14. Bxg7 e3 15. Qg2 Kxg7 16. h4 Nd5 17. Nxd5 exd5 18. Bd3 a4 19. g5 Be6 20. h5 Rfb8 21. c3 d4 22. Qh2 dxc3 23. Qe5+ Kf8 24. Qh8+ Ke7 25. Qf6+ Ke8 26. Qh8+ Kd7 27. Qxc3 Kc7 28. hxg6 hxg6 29. Qe5+ Kb7 30. Bxg6 Ra5 31. Qf4 fxg6 32. Rh7+ Ka6 33. Qf6 Bxa2 34. Rdd7 Rc5+ 35. Kd1 Bb3+ 36. Ke1 Rc1+ 37. Ke2 Bc4+ 38. Rd3 Rc2+ 0-1

[Event "Bezmerov Bastinec Memorial-B"]
[Site "Bezmerov"]
[Date "2019.01.26"]
[Round "3"]
[White "Marak, Jakub"]
[Black "Cerny, Michael"]
[Result "1-0"]
[WhiteElo "1375"]
[BlackElo "1168"]
[PlyCount "35"]
[EventDate "2019.01.25"]
[EventType "swiss"]
[EventRounds "6"]
[EventCountry "CZE"]
[SourceTitle "CBM 188 Extra"]
[Source "ChessBase"]
[SourceDate "2019.02.28"]
[SourceVersion "1"]
[SourceVersionDate "2019.02.28"]
[SourceQuality "1"]

1. e4 e5 2. Nf3 Nc6 3. Nc3 Nf6 4. d4 exd4 5. Nxd4 Bb4 6. Nxc6 bxc6 7. Bd3 0-0 8. 0-0 h6 9. e5 Nd5 10. Nxd5 cxd5 11. c3 Bc5 12. Bc2 Ba6 13. Re1 f5 14. Qxd5+ Kh8 15. Qxc5 f4 16. Be4 c6 17. e6 dxe6 18. Qxc6 1-0

[Event "Bezmerov Bastinec Memorial-B"]
[Site "Bezmerov"]
[Date "2019.01.26"]
[Round "6"]
[White "Ruzickova, Ema"]
[Black "Cerny, Michael"]
[Result "1/2-1/2"]
[WhiteElo "1389"]
[BlackElo "1168"]
[PlyCount "82"]
[EventDate "2019.01.25"]
[EventType "swiss"]
[EventRounds "6"]
[EventCountry "CZE"]
[SourceTitle "CBM 188 Extra"]
[Source "ChessBase"]
[SourceDate "2019.02.28"]
[SourceVersion "1"]
[SourceVersionDate "2019.02.28"]
[SourceQuality "1"]

1. e4 e5 2. Nf3 Nc6 3. Bb5 a6 4. Ba4 d6 5. 0-0 Nf6 6. Re1 b5 7. Bb3 Be7 8. c3 Na5 9. Bc2 c5 10. d4 Nd7 11. d5 c4 12. Be3 0-0 13. Nbd2 Nb7 14. b4 a5 15. a3 a4 16. Nf1 Nf6 17. h3 h6 18. Ng3 Re8 19. Qd2 Bf8 20. Nh2 Kh7 21. f4 Nd7 22. fxe5 Nxe5 23. Rf1 Qd7 24. Nf3 f6 25. Nxe5 dxe5 26. Bd1 Nd6 27. Bg4 Qc7 28. Bf5+ Bxf5 29. Nxf5 Nxe4 30. Qc2 Ng5 31. Bxg5 hxg5 32. Nd6+ Kg8 33. Nxe8 Rxe8 34. Rad1 e4 35. Qe2 Qe5 36. Qe3 Bd6 37. g3 Kf7 38. Kg2 Kg6 39. Rd4 f5 40. Re1 Bc7 41. Rdd1 Bd6 1/2-1/2